Estadísticas para Países más Pequeños que Limitan con Otros

Haz click aquí para tomar la prueba!

Estadísticas generales

  • Esta prueba ha sido tomada 572 veces
  • La puntuación promedio es 18 de 24

Estadísticas de respuestas

País % Correcto
Liechtenstein
87%
Suiza
85%
Luxemburgo
85%
Austria
83%
Kosovo
81%
Montenegro
81%
Macedonia del Norte
80%
Albania
80%
Croacia
80%
Serbia
80%
Eslovenia
79%
Bélgica
79%
Bosnia y Herzegovina
79%
Países Bajos
77%
San Marino
70%
Ciudad del Vaticano
70%
Haití
67%
República Dominicana
66%
Italia
65%
Israel
60%
Líbano
59%
Ruanda
58%
Burundi
57%
Jordania
57%

Distribución de puntuación

Porcentaje por número respondido

Porcentaje de gente con cada puntuación

Historial de tus puntuaciones

No has tomado esta prueba